000 00886cab a2200241 4500
001 WB3506-08
008 090401t1999 xxu||||| |||| 00| 0 eng d
035 _a(Sirsi) u91269
041 _aeng
245 _aBuilding four million new homes
260 _c1999
350 _a0
490 _aBuilding Trade and Industry
_v15 (2) February 1999, 5(1)
520 _aSuggests that traditional construction will be the most viable option for housebuilding well into the next century, despite interest in lighter frame construction.
650 _aBUILT ENVIRONMENT-BUILDING ELEMENTS-COMPLETE BUILDING ELEMENTS-FRAMES
650 _aBUILT ENVIRONMENT-BUILDING ELEMENTS-COMPLETE BUILDING ELEMENTS-FRAMES
650 _aHOUSING
650 _aNEW DWELLINGS
650 _aTRADITIONAL CONSTRUCTION
690 _aBUILT ENVIRONMENT-CONSTRUCTION DESIGN
942 _n0
948 _c12/02/1999
999 _c57920
_d57920